000 00305nam a2200121Ia 4500
008 190216s9999||||xx |||||||||||||| ||und||
100 _aWilliam J Baumol
245 0 _aEconomic Theory And Operations Analysis
260 _bPentice Hall Of India
_c1970
300 _a606p
650 _aEconomics
942 _cBK
999 _c9246
_d9246